| 000 | 00501nam a22001817a 4500 | ||
|---|---|---|---|
| 003 | OSt | ||
| 005 | 20140311162955.0 | ||
| 008 | 130313t xxu||||| |||| 00| 0 eng d | ||
| 020 | _a1850512876 | ||
| 050 |
_aBS 551.3 _b.B582 1990 |
||
| 082 |
_aGS 220.9505 _bG82 1990 |
||
| 100 | _aGregorowski, Christopher | ||
| 245 |
_aThe bible for young children / _cGregorowski, Christopher. |
||
| 260 |
_aLondon: _bTreasure Press, _cc1990. |
||
| 300 |
_c28 cm. _a152 p. |
||
| 942 |
_2lcc _cBK |
||
| 999 |
_c39025 _d39025 |
||